Cesty zrenia Johanky - prejdeš ohňom

Bibliographic Details
Other Authors: Reimer, Tibor (Compiler)
Format: Book
Language:Slovak
PhysicalDescription:70 s. fotogr., ilustr. 21 cm
Published: V Bratislave Univerzita Komenského 2011
ISBN:9788022330947 (brož.)
Edition:[1. vyd.]
Subjects:

MARC

LEADER 00000nam a22000005a 4500
001 vtls010341329
003 SK-MaSNL
005 20260301084930.0
008 150827s2011 xo oa j f 000 0 slo
015 |a SNBA2012/04-01987 
020 |a 9788022330947 (brož.) 
035 |a 4B39818A-73E5-4D6A-A75B-00A9B38AA5A1 
035 |a urn:nbn:sk:snk-amjjsp 
035 |a urn:nbn:sk:snk-am000wxt 
040 |a SNK  |b slo  |c SNK  |e AACR2 
041 0 |a slo 
044 |a xo  |c SK 
072 7 |a 27-4  |x Praktická teológia. Morálna teológia  |2 konspekt 
080 |a 27-4  |2 2001 
080 |a 373.3  |2 2001 
080 |a 316.346.32-053.2  |2 2001 
080 |a 316.346.2-055.25  |2 2001 
080 |a (072)  |2 2001 
245 0 0 |a Cesty zrenia  |b Johanky - prejdeš ohňom  |c kolektív autorov ; [zostavil: Tibor Reimer] 
250 |a [1. vyd.] 
260 |a V Bratislave  |b Univerzita Komenského  |c 2011 
300 |a 70 s.  |b fotogr., ilustr.  |c 21 cm 
500 |a Vyšlo v rámci projektu Kega č. 040UK-4/2010 
504 |a Bibliogr. s. 15 
650 0 7 |a kresťanská výchova  |2 SNKPH  |9 63301 
650 0 7 |a základné školy  |2 SNKPH  |9 1280 
650 0 7 |a deti a mládež  |2 SNKPH  |9 774 
650 0 7 |a dievčatá  |2 SNKPH  |9 771 
650 0 7 |a Christian education  |2 SNKPHeng  |9 282634 
650 0 7 |a Elementary schools  |2 SNKPHeng  |9 265049 
650 0 7 |a Children and youth  |2 SNKPHeng  |9 267397 
650 0 7 |a Girls  |2 SNKPHeng  |9 274652 
655 7 |a metodické príručky  |2 SNKPH  |9 70250 
655 7 |a Methodological manuals  |2 SNKPHeng  |9 270866 
700 1 |a Reimer, Tibor  |4 com  |9 327506 
919 |a 978-80-223-3094-7 
958 |a NB 
958 |a NT 
968 |d 2 
999 |c 664613  |d 666543 
952 |a SNK  |b SNK  |y PREZ  |7 0  |p 17A0876761  |o snkSC 148237  |i snk2012/3704  |8 0  |0 0  |1 0  |4 0  |d 2012-02-10  |l 0  |r 2025-07-17 00:00:00  |w 2026-02-23 
952 |a SNK  |b SNK  |y VYP  |7 0  |p 17A0876762  |o snkSC 148237 D1  |i snk2012/3705  |8 0  |0 0  |1 0  |4 0  |d 2012-02-10  |f 1  |l 0  |r 2026-02-23 19:05:38  |w 2026-02-23